Quiz sur Porto - Statistiques

Statistiques générales
  • Ce quiz a été pris 117 fois
  • Le résultat moyen est 4 sur 16
Statistiques - réponses
Hint Réponse % Correct
Fleuve qui borde la ville Duero
81%
Premier producteur de ce vin Porto
74%
Symbole Dragon
69%
Nom du stade de football Estadio do Dragao
55%
2004
50%
Année des deux ligues des champions remportées 1987
36%
Superficie (à 5km près) 41,42
22%
Nom donné aux habitants Portuans
16%
Spécialité culinaire Tripes
16%
Célèbre quartier Boavista
6%
Eglise réputée Sao Francisco
5%
nom donné au centre-ville Baixa
4%
Date de fondation de la ville 1123
3%
Nom original donné aux bateaux Rabelos
3%
Nombre d'habitants 2 millions
2%
Ancien marché boursier Palacio da Bolsa
0%
Aucun quiz correspondant
Distribution des résultats
% des personnes avec chaque résultat
Percentile par nombre de réponses
Votre historique - résultats
Vous n’avez pas pris ce quiz